| LEADER | 01164nam a2200193 4500 | ||
|---|---|---|---|
| 082 | |a 510.76 |b Đ450TH | ||
| 100 | |a Đỗ Thanh Sơn | ||
| 245 | |a Tuyển tập các bài toán chọn lọc đại số và giải tích 12 / |c Đỗ Thanh Sơn... | ||
| 260 | |a H.: |b ĐHQG, |c 2008 | ||
| 300 | |a 215 tr.; |b 24 cm | ||
| 520 | |a v...v.. | ||
| 653 | |a Toán học | ||
| 942 | |2 ddc |c STK0 | ||
| 999 | |c 6982 |d 6982 | ||
| 952 | |0 0 |1 0 |2 ddc |4 0 |6 510_760000000000000_Đ450TH |7 0 |8 500 |9 64807 |a qbu |b qbu |c D3 |d 2015-01-26 |o 510.76 Đ450TH |p 6852.c1 |r 0000-00-00 |w 2015-01-26 |y STK0 | ||
| 952 | |0 0 |1 0 |2 ddc |4 0 |6 510_760000000000000_Đ450TH |7 0 |8 500 |9 64808 |a qbu |b qbu |c D3 |d 2015-01-26 |o 510.76 Đ450TH |p 6852.c2 |r 0000-00-00 |w 2015-01-26 |y STK0 | ||
| 952 | |0 0 |1 0 |2 ddc |4 0 |6 510_760000000000000_Đ450TH |7 0 |8 500 |9 64809 |a qbu |b qbu |c D3 |d 2015-01-26 |o 510.76 Đ450TH |p 6852.c3 |r 0000-00-00 |w 2015-01-26 |y STK0 | ||
| 952 | |0 0 |1 0 |2 ddc |4 0 |6 510_760000000000000_Đ450TH |7 0 |8 500 |9 64810 |a qbu |b qbu |c D3 |d 2015-01-26 |l 2 |m 2 |o 510.76 Đ450TH |p 6852.c4 |r 2021-02-03 |s 2021-01-26 |w 2015-01-26 |y STK0 | ||
| 952 | |0 0 |1 0 |2 ddc |4 0 |6 510_760000000000000_Đ450TH |7 0 |8 500 |9 64811 |a qbu |b qbu |c D3 |d 2015-01-26 |o 510.76 Đ450TH |p 6852.c5 |r 0000-00-00 |w 2015-01-26 |y STK0 | ||